Statistics for Страны по частичному изображению флага #5

Click here to take the quiz!

General Stats

  • This quiz has been taken 156 times
  • The average score is 12 of 16

Answer Stats

Answer% Correct
Германия
96%
Финляндия
95%
Иран
94%
Монголия
91%
Босния и Герцеговина
91%
Сирия
91%
Чили
90%
Сан-Марино
86%
Панама
84%
Эфиопия
81%
Ангола
81%
Непал
72%
Норвегия
59%
Кабо-Верде
49%
Парагвай
47%
Гватемала
36%

Score Distribution

Percentile by Number Answered

Percent of People with Each Score

Your Score History

You have not taken this quiz